000 00593nam a2200181Ia 4500
003 OSt
005 20260331111824.0
008 211028s2010 xx 000 0 und d
040 _cAIMIT LIBRARY
041 _aeng
082 _a658.8 KRIS
100 _aKrishna R J, Sri;Shanbhag, Santhosh.
_g816116
_96712
245 _aTo analyse the feasibility of implementation of online campus management solutions of vrixx by campuses (engineering and management) in Mangalore /
260 _bShanbhag, Santhosh
_c2010
600 _aMarketing
_96713
650 _aMarketing
_96714
942 _2ddc
_cPRO
999 _c218329
_d218329